000
00265nam a2200109Ia 4500
999
_c
7896
_d
7896
020
_a
978-0130914293
100
_a
Stalling, William
245
0
_a
Cryptography and Network Security principles and practices
260
_a
India
_b
BPB
_c
1999
300
_a
680
942
_c
BK